Biện pháp phát triển đội ngũ cán bộ quản lý trường THPT tỉnh Quảng Nam trong giai đoạn hiện nay
Cơ sở lý luận về phát triển đội ngũ cán bộ quản lý trường trung học phổ thông; Thực trạng phát triển đội ngũ cán bộ quản lý trường trung học phổ thông tỉnh Quảng Nam; Biện pháp phát triển đội ngũ cán bộ quản lý trường trung học phổ thông tỉnh Quảng Nam trong giai đoạn hiện nay; ......
সংরক্ষণ করুন:
| প্রধান লেখক: | |
|---|---|
| অন্যান্য লেখক: | |
| বিন্যাস: | গ্রন্থ |
| ভাষা: | Vietnamese |
| প্রকাশিত: |
Đà Nẵng
Đại học Đà Nẵng
2013
|
| বিষয়গুলি: | |
| ট্যাগগুলো: |
ট্যাগ যুক্ত করুন
কোনো ট্যাগ নেই, প্রথমজন হিসাবে ট্যাগ করুন!
|
| Thư viện lưu trữ: | Mạng thư viện Đại học Đà Nẵng |
|---|
| LEADER | 01895nam a2200349 4500 | ||
|---|---|---|---|
| 001 | 000019398 | ||
| 003 | 15833 | ||
| 005 | 20140428140405.0 | ||
| 008 | 140428s2013 viesd | ||
| 041 | |a vie | ||
| 082 | 1 | 4 | |a 373.1207 |b NG-V |
| 100 | |a Nguyễn Tuấn Vỹ | ||
| 245 | |a Biện pháp phát triển đội ngũ cán bộ quản lý trường THPT tỉnh Quảng Nam trong giai đoạn hiện nay |c Nguyễn Tuấn Vỹ ; Phùng Đình Mẫm hướng dẫn. |k Luận văn Thạc sĩ | ||
| 260 | |a Đà Nẵng |b Đại học Đà Nẵng |c 2013 | ||
| 300 | |a 116 tr., phụ lục 45 tr. |c 29 cm. |e Tóm tắt | ||
| 500 | |a Luận văn thạc sĩ Quản lý giáo dục. Chuyên ngành: Quản lý giáo dục. Mã số: 60.14.05. | ||
| 520 | |a Cơ sở lý luận về phát triển đội ngũ cán bộ quản lý trường trung học phổ thông; Thực trạng phát triển đội ngũ cán bộ quản lý trường trung học phổ thông tỉnh Quảng Nam; Biện pháp phát triển đội ngũ cán bộ quản lý trường trung học phổ thông tỉnh Quảng Nam trong giai đoạn hiện nay; ... | ||
| 650 | 0 | 4 | |a Giáo dục phổ thông |v Luận văn tốt nghiệp |x Cán bộ quản lí |x Nghiên cứu |z Quảng Nam |
| 653 | |a Cán bộ quản lí | ||
| 653 | |a Giáo dục phổ thông | ||
| 653 | |a Quản lý giáo dục | ||
| 700 | 1 | |a Phùng Đình Mẫm |c PGS.TS |e Hướng dẫn | |
| OWN | |a LSP | ||
| AVA | |a UDN50 |b LSP |d 373.1207 NG-V |e available |t Error 5001 Not defined in file expand_doc_bib_avail. |f 1 |g 0 |h N |i 0 |k 1 | ||
| 999 | |a From the UDN01 | ||
| AVA | |a UDN50 |b LSP |d 373.1207 NG-V |e available |t Error 5001 Not defined in file expand_doc_bib_avail. |f 1 |g 0 |h N |i 0 |k 1 | ||
| TYP | |a Monograph | ||
| TYP | |a Printed language | ||
| 980 | |a Mạng thư viện Đại học Đà Nẵng | ||